NBA Winners - Sudden Death - Statistics

General Stats
  • This quiz has been taken 175 times
  • The average score is 8 of 10
Answers on the Grid
Answers color-coded by a green-red scale on the quiz's grid according to % correct below.
Celtics
Lakers
Warriors
Bulls
Spurs
Heat
Pistons
76ers
Bucks
Knicks
Nets
Hornets
Pacers
Clippers
Grizlies
Timberwolves
Pelicans
Magic
Suns
Jazz
 
Answer Stats
Answer % Correct
Lakers
92%
Warriors
88%
Bulls
85%
Celtics
85%
Heat
84%
Spurs
83%
Bucks
78%
Pistons
74%
Knicks
67%
76ers
63%
No matching quizzes found
Score Distribution
Percent of People with Each Score
Percentile by Number Answered
Your Score History
You have not taken this quiz